Die Voraussetzungen des Sozialismus und die Aufgaben der Sozialdemokratie
Αποθηκεύτηκε σε:
| Κύριος συγγραφέας: | |
|---|---|
| Άλλοι συγγραφείς: | |
| Μορφή: | Βιβλίο |
| Γλώσσα: | German |
| Δημοσίευση: |
Bonn : Berlin :
Dietz,
1977
|
| Έκδοση: | 7. aufl. |
| Σειρά: | Internationale Bibliothek ;
; 61 |
| Θέματα: | |
| Ετικέτες: |
Προσθήκη ετικέτας
Δεν υπάρχουν, Καταχωρήστε ετικέτα πρώτοι!
|
MARC
| LEADER | 00000cam a2200000 i 4500 | ||
|---|---|---|---|
| 001 | 1/7781 | ||
| 008 | 000623s1977 ger d | ||
| 020 | |a 3801210618 | ||
| 035 | |l 10062412 | ||
| 040 | |a GR-MY-UA |b gre |e aacr | ||
| 041 | 0 | |a ger | |
| 082 | 0 | |a 320.531 | |
| 100 | 1 | |a Bernstein, Eduard, |d 1850-1932. | |
| 245 | 1 | 4 | |a Die Voraussetzungen des Sozialismus und die Aufgaben der Sozialdemokratie / |c Eduard Bernstein ; eingeleitet von Dieter Schuster |
| 250 | |a 7. aufl. | ||
| 260 | |a Bonn : |a Berlin : |b Dietz, |c 1977 | ||
| 300 | |a xix, 275 σ.; |c 20 εκ. | ||
| 490 | 1 | |a Internationale Bibliothek |v ; 61 | |
| 500 | |a Reprint of 1921's edition from Dietz (Stuttgart) and Buchhandlung Bormarts (Berlin) | ||
| 504 | |a Περιέχει βιβλιογραφικές παραπομπές | ||
| 650 | 0 | 0 | |a Socialism. |
| 700 | 1 | |a Schuster, Dieter. | |
| 830 | 0 | |a Internationale Bibliothek ; |v ; 61 | |
| 852 | |a INST |b LESVOS |e 20000623 |h 320.531 BER |p 005100023370 |q 005100023370 |t BK |y 0 | ||
| 909 | |a Λ |b 077175 | ||
| 970 | |z 2000/06/ΟΙΚΟΝΟΜΟΠΟΥΛΟΥ ΧΡΙΣΤΙΝΑ | ||